| 000 | 03243cam a22004694i 4500 | ||
|---|---|---|---|
| 003 | PE-LiUPU | ||
| 005 | 20250731173403.0 | ||
| 008 | 150706s2006 r 000 0 spa d | ||
| 020 | _a082541489x | ||
| 035 | _a(Sirsi) i082541489 | ||
| 040 |
_aPE-LiUPU _bspa _cPE-LiUPU _erda |
||
| 049 | _aPRUA | ||
| 082 | 0 | 4 |
_a269.2 _bL26 _221 |
| 100 | 1 |
_aLarry Moyer, R. , _eautor. |
|
| 245 | 1 | 0 |
_a21 cosas que Dios jamás dijo : _bcómo corregir las ideas equivocadas acerca del evangelismo / _cR. Larry Moyer. |
| 246 | _aVentiun cosas que Dios jamás dijo | ||
| 264 | 1 |
_aMichigan : _bEditorial Portavoz, _c2006. |
|
| 300 |
_a182 páginas ; _22 centímetros |
||
| 336 |
_atext _2rdacontent |
||
| 337 |
_aunmediated _2rdamedia |
||
| 338 |
_avolume _2rdacarrier |
||
| 505 | 0 | _a"Si no sabe la fecha en que fue salvo, entonces no es salvo" -- "Si no les hablas a otros de mí, entonces no eres cristiano" -- "No debe andar en compañía de pecadores" -- "Si quiere ser salvo, solo invite a Cristo a que entre en su corazón" -- "Cuando pierde la oportunidad de hablarle a alguien de Cristo, la culpa es suya si esa persona va al infierno" -- "Si va a evangelizar, debe saber defender lo que usted cree" -- "Si lo asusta la evangelización, no tiene el don del evangelismo" -- "Si no derrama lágrimas por los perdidos, no será eficiente en la evangelización" -- "Usted es salvo aunque esté confiando en algo más que en Cristo para su salvación eterna" -- "Si duda de su salvación, entonces no es salvo" -- "Es suficiente llevar una vida cristiana alrededor de los inconversos. En realidad no hay que emplear palabras" -- "No se espera que todos los creyentes evangelicen, sino solo quienes tienen dones de evangelismo" -- "A menos que esté dispuesto a apartarse de sus pecados, no puede ser salvo" -- "Si no ama a su hermano o hermana en Cristo, entonces no es salvo" -- "Si vienes a mí, te haré saludable y rico" -- "Si vienes a mí, quiero toda tu vida o nada" -- "Como yo, Dios, soy soberano y salvaré a quienes elija, no necesito tu ayuda" -- "Para evangelizar al miembro de una secta, hay que saber lo que la secta cree" -- "Si no estás dispuesto a confesarme públicamente, no puedes ser salvo" -- "No debe dar testimonio hasta que su vida sea lo que debe ser. Pudiera hacer más mal que bien" -- "Estoy decepcionado con tus resultados en el evangelismo. No has guiado a muchas personas a mí" -- "¿Me permite hacerle una pregunta?". | |
| 526 | _aSEG42 | ||
| 526 | _aSEG41 | ||
| 526 | _aSEG40 | ||
| 526 | _aSEG39 | ||
| 526 | _aP94 | ||
| 526 | _aP87 | ||
| 526 | _aP86 | ||
| 526 | _aP85 | ||
| 526 | _aP77 | ||
| 526 | _aP76 | ||
| 526 | _aP35 | ||
| 541 | _g001-0000519; | ||
| 650 | 0 | 4 |
_aEvangelismo. _9953 |
| 910 |
_cjck _d20110803 |
||
| 942 |
_2ddc _cBOOK |
||
| 949 |
_a269.2 L26 _wDEWEY _c1 _i63239 _lCCODEBUL1 _mBUL _p9.00 _r0 _sY _tBOOK _u2015-7-6 _xTEOLOGIA _PP35 _o.STAFF. Colección General |
||
| 994 |
_aC0 _bPEPRU |
||
| 596 | _a1 | ||
| 999 |
_a269.2 L26 _wDEWEY _c52238 _i63239 _f2021-11-10 _g5 _lCCODEBUL1 _mBUL _p9.00 _r0 _sY _tBOOK _u2015-7-6 _xTEOLOGIA _PP35 _0COMPRA _o.STAFF. Colección Teología _d52238 |
||
| 980 |
_81 _gALBERTO SANCHEZ Responsable de Automatización |
||